| 000 | 00536nam a22001817a 4500 | ||
|---|---|---|---|
| 999 |
_c6218 _d6218 |
||
| 003 | GBCCL | ||
| 005 | 20241126110558.0 | ||
| 008 | 180503b ||||| |||| 00| 0 eng d | ||
| 020 | _a0882075128 | ||
| 040 | _cgbc | ||
| 082 |
_a248 _bSHE |
||
| 100 |
_aShelley, Bruce L. _911161 |
||
| 245 |
_aFour Marks of A Total Christian: _bHow to correlate your conduct with your creed / _cBruce L. Shelley |
||
| 260 |
_bVictor Books, _aWheaton: _c1978 |
||
| 300 |
_a63 p.; _c18 cm. |
||
| 650 |
_aChristian life _xBaptist authors _9223 |
||
| 942 |
_2ddc _cBK |
||